| 000 | 00764cam a22002537a 4500 | ||
|---|---|---|---|
| 008 | |||
| 020 | _a9780750680264 (pbk.) | ||
| 049 | _aMAIN | ||
| 090 |
_aHF5667 _bASB |
||
| 100 | 1 | _aAsbury, Stephen. | |
| 245 | 1 | 0 |
_aHealth and safety, environment and quality audits / _cStephen Asbury and Peter Ashwell. |
| 260 |
_aAmsterdam : _bElsevier, _c2007. |
||
| 300 |
_axviii, 230 p. : _bill. ; _c24 cm. |
||
| 500 | _aIncludes index. | ||
| 504 | _aIncludes bibliographical references. | ||
| 650 | 0 | _aCompliance auditing. | |
| 650 | 0 | _aAuditing, Internal. | |
| 700 | 1 | _aAshwell, Peter. | |
| 907 |
_a.b10317569 _b03-04-13 _c05-09-12 |
||
| 003 | |||
| 005 | 20230123125444.0 | ||
| 040 | _cNUST | ||
| 942 |
_cBOOKS _kHF5667 _mASB |
||
| 999 |
_c141812 _d141812 |
||